<?xml version='1.0' encoding='UTF-8'?>
  <record xmlns="http://www.loc.gov/MARC21/slim">
    <leader>00000ctm a22000007i 4500</leader>
    <controlfield tag="001">ocn965419966</controlfield>
    <controlfield tag="003">OCoLC</controlfield>
    <controlfield tag="005">20250320050832.9</controlfield>
    <controlfield tag="008">140707q14401450ne            000 0 lat d</controlfield>
    <datafield tag="040" ind1=" " ind2=" ">
      <subfield code="a">QGJ</subfield>
      <subfield code="b">dut</subfield>
      <subfield code="c">QGJ</subfield>
      <subfield code="d">OCLCL</subfield>
      <subfield code="d">OCLCQ</subfield>
    </datafield>
    <datafield tag="035" ind1=" " ind2=" ">
      <subfield code="a">(OCoLC)965419966</subfield>
    </datafield>
    <datafield tag="100" ind1="0" ind2=" ">
      <subfield code="a">Richardus de Sancto Victore.</subfield>
    </datafield>
    <datafield tag="245" ind1="1" ind2="0">
      <subfield code="a">Tractatus super Cantica Canticorum /</subfield>
      <subfield code="c">Richardus de Sancto Victore.</subfield>
      <subfield code="f">UBU Hs. 274 (Hs 3 C 11).</subfield>
    </datafield>
    <datafield tag="246" ind1="1" ind2=" ">
      <subfield code="a">De passione Domini</subfield>
    </datafield>
    <datafield tag="260" ind1=" " ind2=" ">
      <subfield code="a">Utrecht,</subfield>
      <subfield code="c">[ca. 1440-1450]</subfield>
    </datafield>
    <datafield tag="300" ind1=" " ind2=" ">
      <subfield code="a">152 fol. :</subfield>
      <subfield code="b">penwerk in Utrechtse stijl ;</subfield>
      <subfield code="c">290 x 205 mm</subfield>
    </datafield>
    <datafield tag="336" ind1=" " ind2=" ">
      <subfield code="a">text</subfield>
      <subfield code="b">txt</subfield>
      <subfield code="2">rdacontent</subfield>
    </datafield>
    <datafield tag="337" ind1=" " ind2=" ">
      <subfield code="a">unmediated</subfield>
      <subfield code="b">n</subfield>
      <subfield code="2">rdamedia</subfield>
    </datafield>
    <datafield tag="338" ind1=" " ind2=" ">
      <subfield code="a">volume</subfield>
      <subfield code="b">nc</subfield>
      <subfield code="2">rdacarrier</subfield>
    </datafield>
    <datafield tag="340" ind1=" " ind2=" ">
      <subfield code="a">Perkament</subfield>
      <subfield code="k">littera hybrida.</subfield>
    </datafield>
    <datafield tag="500" ind1=" " ind2=" ">
      <subfield code="a">Bevat ook: Sermones / Guerricus Igniaciensis. Vitis mystica seu tractatus de passione Domini super textu: "Ego sum vitis vera"/ ascribitur beato Bernardo.</subfield>
    </datafield>
    <datafield tag="500" ind1=" " ind2=" ">
      <subfield code="a">Kopiist is mogelijk Arnoldus Aelberti.</subfield>
    </datafield>
    <datafield tag="500" ind1=" " ind2=" ">
      <subfield code="a">Retro-invoer Handschriften UB Utrecht.</subfield>
    </datafield>
    <datafield tag="524" ind1=" " ind2=" ">
      <subfield code="a">Te citeren als: Universiteitsbibliotheek Utrecht Hs. 274 (Hs 3 C 11).</subfield>
    </datafield>
    <datafield tag="581" ind1=" " ind2=" ">
      <subfield code="a">P.A. Tiele, Catalogus codicum manu scriptorum Bibliothecae Universitatis Rheno-Trajectinae. I. Trajecti ad Rhenum / Hagae Comitis 1887. P. 89.</subfield>
    </datafield>
    <datafield tag="581" ind1=" " ind2=" ">
      <subfield code="a">A . Hulshof, Catalogus codicum manu scriptorum Bibliothecae Universitatis Rheno-Traiectinae. II. Traiecti ad Rhenum 1909. P. 36.</subfield>
    </datafield>
    <datafield tag="581" ind1=" " ind2=" ">
      <subfield code="a">J.P. Gumbert, Die Utrechter Kartäuser und ihre Bücher im frühen fünfzehnten Jahrhundert. Leiden 1974. P. 190, 192.</subfield>
    </datafield>
    <datafield tag="581" ind1=" " ind2=" ">
      <subfield code="a">K. van der Horst, Illuminated and decorated medieval manuscripts in the University Library, Utrecht. An illustrated catalogue. Maarssen / 's-Gravenhage 1989. P. 15.</subfield>
    </datafield>
    <datafield tag="581" ind1=" " ind2=" ">
      <subfield code="a">H.P. Neuheuser, Die Handschriften des Propsteiarchivs Kempen Hrg. Hanns Peter Neuheuser. Köln, etc. 1999. P. 171.</subfield>
    </datafield>
    <datafield tag="581" ind1=" " ind2=" ">
      <subfield code="a">J.W.M. Schellekens, Enkele verkenningen rond Richard van St.-Victors 'Expositio in Cantica Canticorum' in het Middelnederlands naar aanleiding van recent ontdekte handschriftfragmenten. Scriptie Katholieke leergangen, Tilburg. Tilburg 1976. p. 12, 15-16, Bijlage II (= fol. 2r-48v).</subfield>
    </datafield>
    <datafield tag="655" ind1=" " ind2="7">
      <subfield code="a">Handschriften (vorm)</subfield>
      <subfield code="0">(NL-LeOCL)088143309.</subfield>
      <subfield code="2">gtt</subfield>
    </datafield>
    <datafield tag="700" ind1="0" ind2=" ">
      <subfield code="a">Guerricus Igniacensis.</subfield>
    </datafield>
    <datafield tag="700" ind1="0" ind2=" ">
      <subfield code="a">Arnoldus Aelberti.</subfield>
      <subfield code="4">scr</subfield>
    </datafield>
    <datafield tag="710" ind1="2" ind2=" ">
      <subfield code="a">Regulierenklooster (Utrecht)</subfield>
      <subfield code="4">fmo</subfield>
    </datafield>
    <datafield tag="758" ind1=" " ind2=" ">
      <subfield code="a">Tractatus super Cantica Canticorum UBU Hs. 274 (Hs 3 C 11) (Text)</subfield>
      <subfield code="1">https://id.oclc.org/worldcat/entity/E39PD3y7BQ9pV7PJYxcvF3MDxC</subfield>
      <subfield code="4">https://id.oclc.org/worldcat/ontology/hasWork</subfield>
    </datafield>
    <datafield tag="856" ind1="4" ind2="1">
      <subfield code="u">http://objects.library.uu.nl/reader/resolver.php?obj=002611066&amp;type=2</subfield>
      <subfield code="x">Online</subfield>
      <subfield code="z">Full Text</subfield>
    </datafield>
    <datafield tag="936" ind1=" " ind2=" ">
      <subfield code="a">BATCHLOAD</subfield>
    </datafield>
  </record>